20 plus grands lacs du monde - Statistiques

Statistiques générales
  • Ce quiz a été pris 69 fois
  • Le résultat moyen est 7 sur 20
Statistiques - réponses
Supericie Lac % Correct
31 500 km² Baïkal
79%
59 947 km² Victoria
79%
82 414 km² Supérieur
77%
58 030 km² Michigan
70%
371 000 km² Mer Caspienne
65%
25 719 km² Érie
63%
19 477 km² Ontario
53%
59 588 km² Huron
51%
32 893 km² Tanganyika
40%
30 044 km² Malawi
35%
31 080 km² Grand Lac de l'Ours
21%
28 930 km² Grand Lac des Esclaves
21%
17 891 km² Ladoga
14%
24 514 km² Winnipeg
12%
18 428 km² Balkhach
9%
9 891 km² Onega
9%
13 210 km² Maracaibo
7%
10 140 km² Lagoa dos Patos
2%
13 000 km² Tonlé Sap
2%
15 690 km² Vostok
2%
Aucun quiz correspondant
Distribution des résultats
% des personnes avec chaque résultat
Percentile par nombre de réponses
Votre historique - résultats
Vous n’avez pas pris ce quiz